000 00637nam a22002057a 4500
003 SISC
005 20160707155245.0
008 160707b xxu||||| |||| 00| 0 eng d
020 _a9781402717659
050 _aHG 179 .M377
245 _aThe kids' money book /
_bJamie Kyle McGillian.
260 _aNew York :
_bSterling Publishing Co.,
_cc2004
300 _a96 p. :
_bcol. ill. ;
_c21 cm.
650 _aChildren--Finance, Personal--Juvenile literature.
650 _aFinance, Personal--Juvenile literature.
650 _aFinance, Personal.
650 _aMoney.
700 _aPhillips, Ian; ill.
942 _2lcc
_cBK
999 _c296222
_d296222